Countries by Contributions to the EU Budget - Statistics

General Stats
  • This quiz has been taken 2,154 times
  • The average score is 8 of 8
Answer Stats
Contribution Country % Correct
€144.4 bil Germany
100%
€128.8 bil France
99%
€66.3 bil Spain
99%
€98.5 bil Italy
98%
€77.7 bil United Kingdom
96%
€22.2 bil Poland
94%
€27.4 bil Netherlands
93%
€22.9 bil Belgium
92%
No matching quizzes found
Score Distribution
Percent of People with Each Score
Percentile by Number Answered
Your Score History
You have not taken this quiz